| 000 | 00582nac a22001571u 4500 | ||
|---|---|---|---|
| 008 | 101012s2002 xxu||||| |||| 00| 0 ara d | ||
| 020 | _a977601027x | ||
| 082 |
_a331.310962 _bر ز ة |
||
| 245 |
_aأطفال برتبة عمال / _cأحمد عبد الله رزة |
||
| 260 |
_aالقاهرة : _bمكتبة دار الكلمة ، 2002 _c2002. |
||
| 300 |
_a103 ص : _bصور ؛ _c18 سم. |
||
| 504 | _aيحتوى على إرجاعات ببليوجرافية | ||
| 511 | _a Catalogued by: Sara | ||
| 650 |
_aالأطفال _920301 _xتشغيل |
||
| 942 |
_cBB _k331.310962 ر ز ة _2ddc |
||
| 999 |
_c7119 _d7119 |
||